Manual de Derecho de familia

Shranjeno v:
Bibliografske podrobnosti
Glavni avtor: Rossel Saavedra, Enrique (autor)
Format: Knjiga
Jezik:španščina
Izdano: Santiago Jurídica de Chile 1994
Izdaja:7a. ed
Serija:Manuales Jurídicos, 50
Teme:
Oznake: Označite
Brez oznak, prvi označite!

MARC

LEADER 00000nam a2200000 a 4500
001 UCV3545
003 CL-VaPUC
008 930826e19940000CL |||||||||||||||||spa|d
082 0 4 |a 346.015  |b ROS  |2 21 
100 |a Rossel Saavedra, Enrique  |e autor  |9 297782 
245 1 0 |a Manual de Derecho de familia 
250 |a 7a. ed 
300 |a 424 p 
942 |c BK 
945 |d 19930826 00:00:00  |a aalvarez 
260 |a Santiago  |b Jurídica de Chile  |c 1994 
500 |a Edición actualizada y corregida de acuerdo con las modificaciones introducidas por la Ley No. 18.802 de 1989, y la Ley No. 19.089, de 1991 
650 0 |a Derecho de familia  |9 255603 
651 7 |a CHILE  |2 CL-VaPUC  |9 297783 
583 |a last modification  |c 20130320 00:02:05  |k Rodrigo Vera 
490 0 |a Manuales Jurídicos, 50 
999 |c 210709  |d 210707 
952 |0 0  |1 0  |2 ddc  |4 0  |6 346_015000000000000_ROS_1994  |7 0  |8 A  |9 187153  |a BIBDER  |b BIBDER  |d 2019-11-14  |i 3533085  |l 1  |o 346.015 ROS 1994  |p 3533085  |r 2023-05-03  |s 2023-05-02  |w 2019-11-14  |y BK  |k DER